• 首页
  • 本馆介绍
  • 公告通知
  • 最新文献
  • 馆藏检索
  • 电子资源
  • 读者导购
  • 参考咨询
  • 我的图书馆
  • 登录
  • 详细信息显示
  • 放入我的书架
  • 预约/预借图书
  • 作者相关作品
  • 分类相关作品
  • 丛书相关作品
  • 出版社相关作品

书目信息

  • 表格格式
  • 工作单格式
  • 卡片格式
题名:
中国企业前沿问题报告
    
 
作者: 周永亮 著
分册:  
出版信息: 北京   中国社会科学出版社  2001
页数: 634页
开本: 26cm
丛书名:
单 册:
中图分类: F279.2
科图分类:
主题词: 企业经济--中国
电子资源:
ISBN: 7-5004-3195-3
000 00552nam0 2200193 45
001 0204170919
005 20041207111129.4
010    @a7-5004-3195-3@dCNY50.00
100    @a20020417d2001 km y0chiy0120 ea
101 0  @achi
105    @a z 000yy
200 1  @a中国企业前沿问题报告@AZhong Guo Qi Ye Qian Yan Wen Ti Bao Gao@f周永亮著@FZhou Yong Liang Zhu
210    @a北京@c中国社会科学出版社@d2001
215    @a634页@d26cm
606 0  @a企业经济@y中国
690    @aF279.2@v4
701  0 @a周永亮@4著
801    @aCN@bTSTC@c20020417
905    @dF279.2@e106
    
    中国企业前沿问题报告/周永亮著.-北京:中国社会科学出版社,2001
    634页;26cm
    
    
    ISBN 7-5004-3195-3:CNY50.00
    
●
相关链接 在E读中查询图书 在五车中查询图书 在当当中查询图书 在豆瓣中查询图书


正题名:中国企业前沿问题报告     索取号:F279.2/106         预约/预借

序号 登录号 条形码 馆藏地/架位号 状态 备注
1 0308581   203085810   第一借阅区/ [索取号:F279.2/106] 在馆    
2 0308582   203085829   第一借阅区/ [索取号:F279.2/106] 在馆    
3 0308583   203085838   第一借阅区/ [索取号:F279.2/106] 在馆    
4 0308584   203085847   第一借阅区/ [索取号:F279.2/106] 在馆    
5 0308585   203085856   第一借阅区/ [索取号:F279.2/106] 在馆    
唐山师范学院图书馆 欢迎您!
大连网信软件有限公司© 版权所有